The Bioarchaeology of Artificial Cranial Modifications : New Approaches to Head Shaping and its Meanings in Pre-Columbian Mesoamerica and Beyond /

Guardado en:
Detalles Bibliográficos
Autor principal: Tiesler Blos, Vera (edición)
Otros autores: Lozada, María Cecilia (prólogo) (prólogo)
Formato: Libro
Idioma:Inglés
Publicado: Nueva York, EUA : Springer, 2014, c2014
Colección:(Interdisciplinary Contributions to Archaeology)
Temas:
Acceso en línea:Ver documento en línea
Etiquetas: Agrega una etiqueta
Sin etiquetas, Sé el primero en etiquetar este registro!

MARC

LEADER 00000nam^a2200000^a^4500
001 000420431
005 20251023000000.0
009 20260310122511.501
020 |a 978-1-4614-8760-9 
037 |a Acervo ITESO - Biblioteca 
041 |a ING 
082 |a 972. 01  |b TIE 
100 |a Tiesler Blos, Vera  |e (edición) 
245 1 4 |a The Bioarchaeology of Artificial Cranial Modifications :  |b New Approaches to Head Shaping and its Meanings in Pre-Columbian Mesoamerica and Beyond /  |c Ed. de V. Tiesler ; pról. de M.C. Lozada. 
264 4 |a Nueva York, EUA :  |b Springer,  |c 2014, c2014 
264 2 |a Cham, Suiza :  |b Springer Link [distribución],  |c 2014 
300 |a 1 libro electrónico en línea (XXVII, 269 p.) 
300 |a 1 recurso en línea 
336 |a datos para computadora  |b cod  |2 rdacontenido 
337 |a computadora  |b c  |2 rdamedio 
338 |a recurso en línea  |b cr  |2 rdasoporte 
440 1 |a (Interdisciplinary Contributions to Archaeology) 
506 0 |a Licencias ilimitadas 
649 |a XX 
650 |a Indígenas de México -  |x Historia -  |x Tema Principal 
650 |a Cráneo -  |x Deformidades Artificiales -  |x Tema Principal 
650 |a Cráneo -  |x Anormalidades y Deformidades 
650 |a Deformidades -  |z México -  |x Historia 
650 |a Antropología 
650 |a Arqueología 
650 |a México -  |x Historia -  |y Epoca Prehispánica 
700 |a Lozada, María Cecilia  |e (prólogo) 
856 4 0 |u https://link-springer-com.ezproxy.iteso.mx/10.1007/978-1-4614-8760-9  |y Ver documento en línea 
910 |a Fondo General 
920 |a Electrónicos - Libros en Línea 
930 |a Plataforma Digital 
905 |a 205 
901 |a 420431-1  |b IT2  |c EBO  |i C172346  |u 20250521 
902 |a https://opac.biblio.iteso.mx/vufind/Record/000420431